K uplatňovaniu asperačnej zásady

Bibliographic Details
Main Author: Žilinka, Maroš (Author)
Format: Article
Language:Slovak
ISSN:1335-6461
Subjects:

MARC

LEADER 00000nab a2200000 a 4500
001 vtls008418237
003 SK-MaSNL
005 20260304134114.0
008 250505c2005 xo mr|p|||||||000 b|slo
015 |a SNBRB2005/11 
035 |a (uuid)23de33e9-ccb2-4cbe-831d-6b981410bf47 
035 |a urn:nbn:sk:snk-abw79 
035 |a (urnnbn)urn:nbn:sk:snk:ar-00512m 
038 |a SNKBUCL 
040 |a SNKBUCL  |b slo  |c SNKBUCL  |e AACR2 
041 0 |a slo  |b eng 
044 |a xo  |c SK 
080 |a 343.238  |2 1997 
100 1 |a Žilinka, Maroš  |4 aut  |9 338606 
245 1 0 |a K uplatňovaniu asperačnej zásady  |c Maroš Žilinka 
504 |a Bibliogr. odkazy 
546 |a Res. angl. 
650 0 7 |a trestné právo  |2 snkbucl  |9 984 
650 0 7 |a asperačná zásada  |2 snkbucl  |9 1451328 
650 0 7 |a zásada zostrenia trestu  |2 snkbucl  |9 1451634 
773 0 |t Justičná revue  |g Roč. 57, č. 2 (2005), s. 225-228  |x 1335-6461 
850 |a Slovenská národná knižnica 
852 |a Slovenská národná knižnica 
954 |a odborná, vedecká literatúra pôvodná (slovenská)  |2 lita 
958 |a article27 
958 |a OND 
958 |a NB 
958 |a EUIPO 
999 |c 2905299  |d 2907229